Catalog

Record Details

Catalog Search



Available copies

  • 2 of 2 copies available at LARL/NWRL Consortium.
  • 2 of 2 copies available at Lake Agassiz Regional Library. (Show preferred library)

Current holds

0 current holds with 2 total copies.

Show Only Available Copies
Location Call Number / Copy Notes Barcode Shelving Location Status Due Date
« Previous 10

Record details

  • ISBN: 9781713570233
  • ISBN: 1713570238
  • Physical Description: 8 audio discs (9 hr., 51 min.) ; 4 3/4 in.
  • Edition: Unabridged.
  • Publisher: Grand Haven, Michigan : Brilliance Audio, [2021]

Content descriptions

Participant or Performer Note:
Performed by Cassandra Morris
Summary, etc.:
"In the summer of '84, fourteen-year-old Frankie ... Read More
Subject: Teenage girls > Fiction.
Cities and towns > Fiction.
Mothers and daughters > Fiction.
Minnesota > Fiction.
Genre: Fictional Work
Suspense fiction.
Mystery fiction.
Audiobooks.
Thrillers (Fiction)
Psychological fiction.
Novels.
LDR 03763cim a2200805 i 4500
001441715
003LARL_NWRL_CONSORTIUM
00520240717153120.0
008211020s2021 miunnnn f n eng d
007sd fsngnnmmned
040 . ‡aIEB ‡beng ‡erda ‡cIEB ‡dIEB ‡dBLACP ‡dOCLCF ‡dGK8 ‡dOCL ‡dOCLCO ‡dOCLCQ ‡dOCLCO ‡dOCLCL
020 . ‡a9781713570233
020 . ‡a1713570238
035 . ‡a(OCoLC)1277506464
037 . ‡a30enbr ‡bBlackstone Publishing
037 . ‡a10enbr ‡bBlackstone Publishing
043 . ‡an-us-mn
08204. ‡a813/.6 ‡223
1001 . ‡aLourey, Jess, ‡d1970- ‡eauthor. ‡1https://id.oclc.org/worldcat/entity/E39PBJrWyvcFPwKqj6R6DTxxDq ‡0(LARL_NWRL_CONSORTIUM)194889
24510. ‡aLitani / ‡cJess Lourey.
250 . ‡aUnabridged.
264 1. ‡aGrand Haven, Michigan : ‡bBrilliance Audio, ‡c[2021]
300 . ‡a8 audio discs (9 hr., 51 min.) ; ‡c4 3/4 in.
306 . ‡a095100
336 . ‡aspoken word ‡bspw ‡2rdacontent
337 . ‡aaudio ‡bs ‡2rdamedia
338 . ‡aaudio disc ‡bsd ‡2rdacarrier
344 . ‡adigital ‡2rdatr
344 . ‡aoptical ‡2rdarm
344 . ‡aaudio file ‡2rdaft
344 . ‡boptical ‡2rdarm
344 . ‡c1.4 m/s
347 . ‡aCD audio
347 . ‡bCD audio
5110 . ‡aPerformed by Cassandra Morris
520 . ‡a"In the summer of '84, fourteen-year-old Frankie Jubilee is shuttled off to Litani, Minnesota, to live with her estranged mother, a county prosecutor she barely knows. From the start, Frankie senses something uneasy going on in the small town. The locals whisper about The Game, and her mother warns her to stay out of the woods and away from adults. When a bullying gang of girls invites Frankie to The Game, she accepts, determined to find out what's really going on in Litani. She's not the only one becoming paranoid. Hysteria burns through the community. Dark secrets emerge. And Frankie fears that, even in the bright light of day, she might be living among monsters"--FantasticFiction.com
650 0. ‡aTeenage girls ‡vFiction. ‡0(LARL_NWRL_CONSORTIUM)167625
650 0. ‡aCities and towns ‡vFiction. ‡0(LARL_NWRL_CONSORTIUM)171468
650 0. ‡aMothers and daughters ‡vFiction. ‡0(LARL_NWRL_CONSORTIUM)166030
651 0. ‡aMinnesota ‡vFiction. ‡0(LARL_NWRL_CONSORTIUM)166041
655 2. ‡aFictional Work
655 7. ‡aSuspense fiction. ‡2gsafd
655 7. ‡aMystery fiction. ‡2gsafd
655 7. ‡aAudiobooks. ‡2lcgft ‡0(LARL_NWRL_CONSORTIUM)175801
655 7. ‡aThrillers (Fiction) ‡2lcgft
655 7. ‡aPsychological fiction. ‡2lcgft
655 7. ‡aNovels. ‡2lcgft
7001 . ‡aMorris, Cassandra, ‡d1982- ‡enarrator. ‡1https://id.oclc.org/worldcat/entity/E39PBJymDjvgyF7rhHQH3Yctrq ‡0(LARL_NWRL_CONSORTIUM)209605
758 . ‡ihas work: ‡aLitani (Sound) ‡1https://id.oclc.org/worldcat/entity/E39PCFyVpt4cGjVgp9rYFQ9XYd ‡4https://id.oclc.org/worldcat/ontology/hasWork
901 . ‡a441715 ‡bAUTOGEN ‡c441715 ‡tbiblio

Additional Resources